| 000 | 00450nam a2200181Ia 4500 | ||
|---|---|---|---|
| 003 | OSt | ||
| 005 | 20260211111440.0 | ||
| 008 | ORI | ||
| 037 | _cTextual | ||
| 040 |
_aCRL _cCRL _bORI |
||
| 041 |
_2ORI _aORI |
||
| 084 |
_aO1591,3NMOw, L3 _qCRL |
||
| 100 |
_aMahanty Sharat Kumar _9631885 |
||
| 245 | 0 | _aJean Paul sartre | |
| 260 | _c1973 | ||
| 942 |
_hO1591,3NMOw, L3 _cTB _2cc _n0 |
||
| 999 |
_c1044117 _d1044117 |
||